00300 a2200133 4500001000700000020002200007040001100029100001900040240004100059245003600100300000700136362000900143440001400152190066 a978-85-99306-33-8 cMagnum aRibeiro, Jonas10aÉ uma janela ou uma banguela?lpor10aÉ uma janela ou uma banguela? a240 a2011 1aElementar